| 000 | 00784nam a2200229 a 4500 | ||
|---|---|---|---|
| 001 | 47918 | ||
| 003 | BD-RjUL | ||
| 005 | 20211209054425.0 | ||
| 008 | 160811s1968 bg ||||| |||| 00| 0 ben d | ||
| 020 | _c: Tk. 4.50 | ||
| 035 | _a(BD-RjUL)48037 | ||
| 040 |
_aBD-RjUL _bben _cBD-RjUL |
||
| 041 | _aben | ||
| 082 |
_223 _a891.4408 _bRAA 1968 |
||
| 100 | 1 |
_aরহমান, আহমেদুর _9145427 |
|
| 245 | 1 | 0 | _aআহমেদুর রহমান রচনাবলী / |
| 260 |
_aঢাকা : _bমগবাজার, _c১৯৬৮ |
||
| 300 |
_a১৬০ পৃ. ; _c২১ সেমি. |
||
| 650 |
_aবাংলা সাহিত্য _vসংগৃহীত কাজ _9145415 |
||
| 650 |
_aBengali litterature _vCollective work _9145416 |
||
| 942 |
_2ddc _cBK |
||
| 999 |
_c47918 _d47918 |
||